000 00374nam a22001217a 4500
999 _c10281
_d10281
003 OSt
008 201218b ||||| |||| 00| 0 eng d
245 _aHarvard Business Review
250 _a2015-16(Aug-Jan) 2016(Jan-Feb, Mar, Apr, Jun, Jul-Aug)
260 _aNewcastle Gatehead, U.K.
_bHarvard Business School Publication Pvt. Ltd.
650 _aManagement
942 _2ddc
_cBV